<?xml version="1.0" encoding="UTF-8"?>
<record
    xmlns:xsi="http://www.w3.org/2001/XMLSchema-instance"
    xsi:schemaLocation="http://www.loc.gov/MARC21/slim http://www.loc.gov/standards/marcxml/schema/MARC21slim.xsd"
    xmlns="http://www.loc.gov/MARC21/slim">

  <leader>00764nam a2200217   4500</leader>
  <controlfield tag="001">86490</controlfield>
  <controlfield tag="003">BD-RjUL</controlfield>
  <controlfield tag="005">20260517114830.0</controlfield>
  <controlfield tag="008">260517s1987    ii ||||| |||| 00| 0 urd d</controlfield>
  <datafield tag="035" ind1=" " ind2=" ">
    <subfield code="a">(BD-RjUL)86490</subfield>
  </datafield>
  <datafield tag="040" ind1=" " ind2=" ">
    <subfield code="a">BD-RjUL</subfield>
    <subfield code="b">eng</subfield>
    <subfield code="c">BD-RjUL</subfield>
  </datafield>
  <datafield tag="041" ind1=" " ind2=" ">
    <subfield code="a">urd</subfield>
  </datafield>
  <datafield tag="082" ind1=" " ind2=" ">
    <subfield code="2">23</subfield>
    <subfield code="a">891.439109</subfield>
    <subfield code="b">JAU 1987</subfield>
  </datafield>
  <datafield tag="100" ind1=" " ind2=" ">
    <subfield code="a">&#x62C;&#x6CC;&#x646;&#x60C;  &#x6AF;&#x649;&#x627;&#x646; &#x686;&#x646;&#x62F; .,&#x60C; /  Jain, Giy&#x101;n Chand </subfield>
    <subfield code="d"> 1923-2007,</subfield>
    <subfield code="9">18500</subfield>
  </datafield>
  <datafield tag="245" ind1="1" ind2="0">
    <subfield code="a">&#x627;&#x631;&#x62F;&#x648; &#x645;&#x62B;&#x646;&#x648;&#x649; &#x634;&#x645;&#x627;&#x644;&#x649; &#x6C1;&#x646;&#x62F; &#x645;&#x6CC;&#x6BA; / Urd&#x16B; mas&#x332;nav&#x12B; sham&#x101;l&#x12B; Hind men&#x332; /</subfield>
    <subfield code="c">&#x6AF;&#x649;&#x627;&#x646; &#x686;&#x646;&#x62F; &#x62C;&#x6CC;&#x646;., &#x60C;/ Giy&#x101;n Chand Jain, </subfield>
  </datafield>
  <datafield tag="260" ind1=" " ind2=" ">
    <subfield code="a"> Hind, :</subfield>
    <subfield code="b">&#x627;&#x646;&#x62C;&#x645;&#x646; &#x62A;&#x631;&#x642;&#x649;&#x651; &#x627;&#x631;&#x62F;&#x648; &#x6C1;&#x646;&#x62F;&#x60C;,  Anjuman Taraqq&#x12B;-yi Urd&#x16B; Hind,</subfield>
    <subfield code="c">1987</subfield>
  </datafield>
  <datafield tag="300" ind1=" " ind2=" ">
    <subfield code="a">V. ;</subfield>
    <subfield code="c">18 cm</subfield>
  </datafield>
  <datafield tag="505" ind1=" " ind2=" ">
    <subfield code="a">Vol. 1.--</subfield>
  </datafield>
  <datafield tag="650" ind1=" " ind2=" ">
    <subfield code="a">Urdu Literature</subfield>
  </datafield>
  <datafield tag="942" ind1=" " ind2=" ">
    <subfield code="2">ddc</subfield>
    <subfield code="c">BK</subfield>
  </datafield>
  <datafield tag="999" ind1=" " ind2=" ">
    <subfield code="c">86490</subfield>
    <subfield code="d">86490</subfield>
  </datafield>
  <datafield tag="952" ind1=" " ind2=" ">
    <subfield code="0">0</subfield>
    <subfield code="1">0</subfield>
    <subfield code="2">ddc</subfield>
    <subfield code="4">0</subfield>
    <subfield code="7">1</subfield>
    <subfield code="8">NFIC</subfield>
    <subfield code="a">RUCL</subfield>
    <subfield code="b">RUCL</subfield>
    <subfield code="c">Reading</subfield>
    <subfield code="d">1989-08-10</subfield>
    <subfield code="e">Karim Int, Dhaka</subfield>
    <subfield code="g">45.00</subfield>
    <subfield code="l">0</subfield>
    <subfield code="o">U 891.439109 JAU 1987</subfield>
    <subfield code="r">2026-05-17 11:45:48</subfield>
    <subfield code="t">C-1</subfield>
    <subfield code="w">2026-05-17</subfield>
    <subfield code="y">BK</subfield>
  </datafield>
</record>
